00333nam a2200133Ia 4500008004100000082001800041100001500059245004100074250000800115260002500123300001100148500002400159650001600183230524s9999 xx 000 0 und d a629.8092bKOH aZVI Kohavi 0aSwitching and Finite Automata Theory a2ND aNEW DELHIbTMHc2002 aIX;653 aQuantity Number: 2 aElectronics